Barcelona i la seva premsa al segle XIX / per Pere Voltes i Bou
Descripción Física:
50 p. : il. ; 16'5 x 19 cm
Colección:
Col·lecció A. Duran i Sanpere ; 7
Materias:
Premsa -- Barcelona -- Història
MARC
| LEADER | 00000nam a2200000Ia 4500 | ||
|---|---|---|---|
| 001 | 1716 | ||
| 003 | BGR | ||
| 005 | 20260324175248.0 | ||
| 008 | 160829s1977 xx 000 0 cat d | ||
| 080 | |a O-1-83 | ||
| 100 | 1 | |a Voltes Bou, Pere, |d 1926-2009 |9 22645 | |
| 245 | |a Barcelona i la seva premsa al segle XIX / per Pere Voltes i Bou | ||
| 260 | |a Barcelona : |b Ajuntament de Barcelona. Delegació de Cultura, |c 1977 | ||
| 300 | |a 50 p. : |b il. ; |c 16'5 x 19 cm | ||
| 490 | |a Col·lecció A. Duran i Sanpere ; 7 | ||
| 650 | |a Premsa |x Barcelona |x Història |9 23786 | ||
| 710 | 1 | |a Barcelona (Catalunya). |b Ajuntament |9 50981 | |
| 901 | |a Arxiu | ||
| 942 | |n 1 |2 udc |c MON | ||
| 952 | |0 0 |1 0 |4 0 |6 O183 |7 1 |9 42855 |a Arxiu |b Arxiu |d 2016-12-01 |l 0 |o O-1-83 |p 1716 |r 2016-12-01 00:00:00 |w 2016-12-01 |y ARXIU | ||
| 999 | |c 45361 |d 45361 | ||